Дело о прибавке в Главное управление цензуры одного чиновника особых поручений и в Канцелярию министра - одного канцелярского чи...

Доступно только в Электронных читальных залах Найти на картеНа карте
RUSMARC
00004128nmc2a22002413x 450
001e1de4767-f337-4789-b366-7cf935585a83
00520250623150504.0
100##$a20250116l18581859k l0rusy0189 ca
1010#$arus
102##$aRU
105##$ay###
1222#$ad
2001#$aДело о прибавке в Главное управление цензуры одного чиновника особых поручений и в Канцелярию министра - одного канцелярского чиновника, и на сверхштатные расходы 1000 рублей. Тут же о назначении статского советника графа Комаровского на вновь учрежденную вакансию чиновника особых поручений при Главном управлении цензуры, старшего секретаря Янкевича - чиновником особых поручений при Главном управлении цензуры, секретаря Добровольского - старшим секретарем, помощника секретаря Брадке - секретарем и титулярного советника Беккера - помощником секретаря Канцелярии, и о производстве господину Песоцкому жалованья по 240 рублей
$j24 декабря 1858 г. - 3 февраля 1859 г.
215##$a17 л.
$d36,5х26 см
251##$cДело
300##$aНа обложке указано: "№195"
371##$aДокумент не является опубликованным и широко распространяемым
461#0$10012b5b8419-5ce4-4d16-a7a3-85720a295f1f
$12001
$aКанцелярия министра народного просвещения
$1251
$cФонд
$1852
$j735
462#0$1001e5828e33-5c3d-47b3-8ecf-3a6cb46adc06
$12001
$aКанцелярия министра народного просвещения
$1251
$cОпись
$1852
$j5
801#0$aRU
$bРГИА
$c20250116
$gRCR
801#1$aRU
$bГлавНИВЦ
$c20250116
$2rusmarc
801#2$aRU
$bПБ им. Б.Н. Ельцина
$c20250623
$gRCR
$2rusmarc
850##$aРГИА
852##$aРГИА
$eФедеральное казенное учреждение "Российский государственный исторический архив" (РГИА)
$j198
937##$hРГИА
$d12422917
$aASBIBLIO_SCAN
035##$aRusGRCC00083413
856##$uhttp://readingroom.main.prlib.ru/item.aspx?id_node=n196887859&mode=full
Формат отображения